[Event "11th Niki Open 2013"]
[Site "Nachod CZE"]
[Date "2013.07.06"]
[Round "8.15"]
[White "Tesar,J"]
[Black "Stanek,Petr"]
[Result "1/2-1/2"]
[WhiteElo "2094"]
[BlackElo "1880"]

1.Nf3 Nf6 2.c4 g6 3.d4 Bg7 4.Nc3 d6 5.e4 O-O 6.Be2 e5 7.O-O Nc6 8.d5 Ne7
9.b4 a5 10.Ba3 axb4 11.Bxb4 Nh5 12.c5 f5 13.cxd6 cxd6 14.Ng5 Nf4 15.Bc4 h6
16.Ne6 Bxe6 17.dxe6 Rc8 18.Bb3 fxe4 19.Nxe4 d5 20.Nc5 Qb6  1/2-1/2

[Event "6th ch-Cent SRB Int 2013"]
[Site "Paracin SRB"]
[Date "2013.07.06"]
[Round "2.36"]
[White "Van Vliet,D"]
[Black "Livaja,M"]
[Result "0-1"]
[WhiteElo "2079"]
[BlackElo "2225"]

1.d4 Nf6 2.c4 g6 3.Nc3 Bg7 4.e4 d6 5.Be2 O-O 6.Nf3 e5 7.O-O Nc6 8.d5 Ne7
9.Ne1 Ne8 10.Nd3 f5 11.Bd2 Nf6 12.f3 f4 13.c5 g5 14.Rc1 Ng6 15.Nb5 Rf7 16.Ba5 b6
17.cxd6 cxd6 18.Bb4 Ne8 19.a4 Bf8 20.Rc6 Bd7 21.Nf2 Rg7 22.Qb3 Kh8 23.Rd1 Bxc6
24.dxc6 a6 25.Na3 Ne7 26.Nc4 Nxc6 27.Bc3 Qc7 28.Nxb6 Rb8 29.a5 Qb7 30.Qa4 Nc7
31.Bc4 h5 32.h3 Be7 33.Ra1 Na7 34.Nd7 Rd8 35.Nb6 Nab5 36.Rd1 Bf6 37.Qa2 Qc6
38.Bf7 g4 39.Bxh5 gxh3 40.Bg4 Nxc3 41.bxc3 h2+ 42.Kh1 Bh4 43.c4 Qc5 44.Nd3 Qe3
45.Bh3 Rdg8 46.c5 Nb5 47.Nd7 Qd4 48.cxd6 Nxd6 49.Qe2 Qc4 50.Qb2 Qa4 51.Qe2 Nc4
52.N3c5 Qb5 53.Ne6 Rxd7  0-1

[Event "6th d'Ille et Vilaine 2013"]
[Site "Rennes FRA"]
[Date "2013.07.06"]
[Round "1.2"]
[White "Koziak,V"]
[Black "Geffroy,Le"]
[Result "1-0"]
[WhiteElo "2509"]
[BlackElo "1980"]

1.Nf3 Nf6 2.c4 g6 3.Nc3 Bg7 4.d4 O-O 5.e4 d6 6.Be2 e5 7.O-O Nc6 8.d5 Ne7
9.Ne1 Nd7 10.Be3 f5 11.f3 f4 12.Bf2 g5 13.Rc1 Ng6 14.Nb5 b6 15.b4 Nf6 16.c5 Rf7
17.Qc2 Ne8 18.a4 Bf8 19.a5 Nh4 20.g3 fxg3 21.hxg3 Ng6 22.Kg2 h5 23.Nd3 g4
24.fxg4 hxg4 25.Be3 Rh7 26.Rh1 Rh3 27.Qd2 Nh4+ 28.gxh4 Qxh4 29.Rxh3 Qxh3+
30.Kg1 Qg3+ 31.Kh1 Qh3+ 32.Kg1 Qg3+ 33.Kf1 Nf6 34.Bg5 Qh3+ 35.Ke1 Nxe4 36.Qe3 Qh1+
37.Bf1 g3 38.Nf2 gxf2+ 39.Ke2 Qh5+ 40.Kd3 Qxg5 41.Nxc7 Rb8 42.cxb6 axb6 43.a6 Bb7
44.Qxg5+ Nxg5 45.axb7 Rxb7 46.Ke2 Ne4 47.Bg2 f1=Q+ 48.Kxf1 Nd2+ 49.Ke1 Nb3
50.Rc6 Nd4 51.Ne6 Nxe6 52.dxe6 Rb8 53.Rc7 Re8 54.Bd5 Re7 55.Rc6 Kg7 56.Rxd6 Ra7
57.Rxb6 Ra4 58.Rb7+  1-0

[Event "41st TCh-GRE"]
[Site "Rio (Achaia) GRE"]
[Date "2013.07.06"]
[Round "6.9"]
[White "Margaritis,Georgios A."]
[Black "Gouloutis,N"]
[Result "0-1"]
[WhiteElo "1541"]
[BlackElo "1939"]

1.d4 Nf6 2.c4 g6 3.Nc3 Bg7 4.e4 d6 5.Nf3 O-O 6.Be2 e5 7.O-O Nc6 8.d5 Ne7
9.b4 Nh5 10.Nd2 Nf4 11.Nb3 f5 12.f3 Nxe2+ 13.Qxe2 f4 14.Bb2 g5 15.Rad1 h5
16.h3 Ng6 17.Kf2 g4 18.Ke1 gxh3 19.gxh3 Bf6 20.Qg2 Kf7 21.Ke2 Rg8 22.Qh2 Bh4
23.Rh1 a6 24.Kd3 Bd7 25.Ne2 Bg3 26.Qg2 Qc8 27.Ng1 c6 28.Rc1 cxd5 29.cxd5 Qd8
30.Qd2 Qb6 31.Kc2 Bf2 32.Rd1 Nh4 33.Ne2 Be3 34.Qe1 Nxf3 35.Qf1 Nh4 36.Rd3 Bb5
37.Rd1 Bxe2 38.Qxe2 Rg2  0-1

[Event "41st TCh-GRE"]
[Site "Rio (Achaia) GRE"]
[Date "2013.07.06"]
[Round "6.9"]
[White "Stathopoulos,I"]
[Black "Tsaknakis,Zisis"]
[Result "1/2-1/2"]
[WhiteElo "2247"]
[BlackElo "1706"]

1.d4 Nf6 2.c4 g6 3.Nc3 Bg7 4.e4 d6 5.Nf3 O-O 6.Be2 e5 7.O-O Nc6 8.d5 Ne7
9.b4 Nh5 10.g3 f5 11.Ng5 Nf6 12.Bf3 c6 13.Bg2 cxd5 14.cxd5 fxe4 15.Ngxe4 Nxe4
16.Nxe4 Bf5 17.g4 Bxe4 18.Bxe4 Qd7 19.Be3 Rac8 20.Qe2 b5 21.Rac1 a6 22.h3 Qb7
23.Qd3 Kh8 24.Kg2 Rxc1 25.Rxc1 Rc8 26.Rxc8+ Qxc8 27.Bg5 Ng8 28.Qf3 Qf8 29.Qc3 Nf6
30.f3 Nxe4 31.fxe4 Bh6 32.Bh4 Qf4 33.Qc8+ Bf8 34.Qc2 h5 35.Qe2 hxg4 36.hxg4 Bh6
37.Be7 Bf8 38.Bd8 Kg8 39.Bh4 Bh6 40.Be7  1/2-1/2

[Event "3rd SPAChess Open"]
[Site "Amsterdam NED"]
[Date "2013.07.07"]
[Round "2.5"]
[White "Goudriaan,E"]
[Black "Brookes,C"]
[Result "1-0"]
[WhiteElo "2369"]
[BlackElo "2139"]

1.d4 Nf6 2.c4 g6 3.Nc3 Bg7 4.e4 d6 5.Be2 O-O 6.Nf3 e5 7.O-O Nc6 8.d5 Ne7
9.b4 Ne8 10.a4 f5 11.a5 Nf6 12.Bg5 Nxe4 13.Nxe4 fxe4 14.Nd2 Bf5 15.g4 Bd7
16.Nxe4 h6 17.Be3 g5 18.Bd3 Ng6 19.Bc2 Nf4 20.Ng3 a6 21.Rc1 Qe7 22.f3 c6
23.Re1 cxd5 24.Bxf4 gxf4 25.Qxd5+ Be6 26.Qd3 fxg3 27.Qh7+ Kf7 28.Bg6+ Kf6
29.Bh5 gxh2+ 30.Kxh2 Qd7 31.Qg6+ Ke7 32.Qxg7+ Bf7 33.c5  1-0

[Event "Styrian Open A 2013"]
[Site "Bad Gleichenberg AUT"]
[Date "2013.07.07"]
[Round "2.15"]
[White "Handler,L"]
[Black "Windhager,Hannes"]
[Result "1-0"]
[WhiteElo "2403"]
[BlackElo "2090"]

1.d4 Nf6 2.c4 g6 3.Nc3 Bg7 4.e4 d6 5.Nf3 O-O 6.Be2 e5 7.O-O Nc6 8.d5 Ne7
9.Ne1 Nd7 10.Nd3 f5 11.f3 f4 12.Bd2 g5 13.Rc1 Rf6 14.c5 Nxc5 15.Nxc5 dxc5
16.Na4 b6 17.b4 c6 18.bxc5 cxd5 19.exd5 Nxd5 20.Bc4 Be6 21.Re1 Rg6 22.Qb3 b5
23.Qxb5 Nc7 24.Bxe6+ Rxe6 25.Qa5 Rb8 26.c6 Rb5 27.Qxa7 e4 28.Bc3 e3 29.Bxg7 Kxg7
30.Nc5 Re7 31.Rcd1 Qe8 32.Rd7 Nd5 33.Ne4 Rb4 34.Nd6 Rxd7 35.Qxd7+  1-0

[Event "Karvina Open 2013"]
[Site "Karvina CZE"]
[Date "2013.07.07"]
[Round "9.10"]
[White "Szotkowski,J"]
[Black "Chladny,R"]
[Result "0-1"]
[WhiteElo "2183"]
[BlackElo "2088"]

1.Nf3 Nf6 2.c4 g6 3.Nc3 Bg7 4.e4 d6 5.d4 O-O 6.Be2 e5 7.O-O Nc6 8.d5 Ne7
9.b4 a5 10.Ba3 axb4 11.Bxb4 b6 12.a4 Ne8 13.a5 c5 14.dxc6 Nxc6 15.Ba3 Rxa5
16.Nb5 Be6 17.Qd2 h6 18.Nxd6 Rxa3 19.Rxa3 Nxd6 20.Rd1 Nd4 21.Nxd4 exd4 22.Qc2 Qc7
23.Rc1 Rc8 24.Bd3 Nxc4  0-1

[Event "41st TCh-GRE"]
[Site "Rio (Achaia) GRE"]
[Date "2013.07.07"]
[Round "7.4"]
[White "Pountzas,H"]
[Black "Papakonstantinou,Di2"]
[Result "1-0"]
[WhiteElo "2094"]
[BlackElo "1895"]

1.c4 Nf6 2.Nc3 g6 3.e4 d6 4.d4 Bg7 5.Be2 O-O 6.Nf3 e5 7.O-O Nc6 8.d5 Ne7
9.Ne1 Nd7 10.Be3 f5 11.f3 Nf6 12.c5 Kh8 13.Rc1 a6 14.Qb3 dxc5 15.Bxc5 Ne8
16.Nd3 Nd6 17.a4 Ng8 18.exf5 gxf5 19.f4 e4 20.Ne5 Nf6 21.Nd1 Bd7 22.Ne3 Qe8
23.Ra1 Rd8 24.Rfc1 Bc8 25.Bd4 Qe7 26.Qc3 Nfe8 27.a5 Bf6 28.b4 Qg7 29.Qc5 Rd7
30.Bh5 Re7 31.Bxe8 Rfxe8 32.Ra2 Qh6 33.Rf1 Nb5 34.Ba1 Bg7 35.g3 Qd6 36.Rc2 Kg8
37.N3c4 Qd8 38.Rd1 Nd6 39.Ne3 Nb5 40.Rcd2 Nd6 41.Rc1 Rf8 42.Bb2 Bf6 43.N5c4 Bxb2
44.Rxb2 Rg7 45.Rbc2 Nb5 46.Rd2 Rf6 47.Rcd1 b6 48.axb6 cxb6 49.Nxb6 Rxb6 50.d6 Rf7
51.Nc4 Rb8 52.Ne5 Be6 53.Nc6 Qc8 54.d7 Bxd7 55.Nxb8 Qxc5+ 56.bxc5 Be6 57.Nxa6 Bc4
58.Rd8+ Kg7 59.R1d7 Nc3 60.Nb4 e3 61.c6 e2 62.Nc2 Nb5 63.Kf2 Kf6 64.Rxf7+ Kxf7
65.Nd4 Ke7 66.Rd7+ Ke8 67.Nxb5 Bxb5 68.Rxh7 Bxc6 69.Kxe2  1-0

[Event "3rd SPAChess Open"]
[Site "Amsterdam NED"]
[Date "2013.07.08"]
[Round "3.13"]
[White "Timmermans,I"]
[Black "Donkers,Joran"]
[Result "1-0"]
[WhiteElo "2218"]
[BlackElo "2016"]

1.d4 Nf6 2.c4 g6 3.Nc3 Bg7 4.e4 d6 5.Nf3 O-O 6.Be2 e5 7.O-O Nc6 8.d5 Ne7
9.b4 a5 10.Ba3 axb4 11.Bxb4 b6 12.a4 Ne8 13.Nb5 f5 14.Nd2 Bh6 15.Bf3 Bxd2
16.Qxd2 f4 17.a5 bxa5 18.Bxa5 Rb8 19.Qe2 h5 20.Rfb1 Qd7 21.Rb2 Kh7 22.Na7 Rxb2
23.Qxb2 c5 24.Nxc8 Nxc8 25.Bd1 Nf6 26.Qb1 g5 27.Ra3 Qf7 28.Rb3 Qg6 29.Rb8 Kh6
30.Bc2 Rg8 31.Qb7 Ne7 32.Rxg8 Nexg8 33.Qb8 Ne8 34.Ba4 Ngf6 35.f3 g4 36.Kf1 h4
37.Bxe8 Nxe8 38.Qd8 Kh5 39.Qd7 Ng7 40.Bc7 gxf3 41.gxf3 Ne8 42.Bd8 Kh6 43.Bxh4 Qh5
44.Qe6+ Kg7 45.Qe7+ Kh6 46.Ke2 Qg6 47.Kf2 Qh5 48.Ke2 Qg6 49.Qe6 Qxe6 50.dxe6 Nc7
51.Be7  1-0

[Event "Werner-Ott-Open 2013"]
[Site "Berlin GER"]
[Date "2013.07.08"]
[Round "3.8"]
[White "Dehmel,J"]
[Black "Niehaus,F"]
[Result "0-1"]
[WhiteElo "2091"]
[BlackElo "2208"]

1.d4 Nf6 2.c4 g6 3.Nc3 Bg7 4.e4 d6 5.Nf3 O-O 6.Be2 e5 7.O-O Nc6 8.d5 Ne7
9.Ne1 Nd7 10.Be3 f5 11.f3 f4 12.Bf2 g5 13.Rc1 Rf6 14.Nd3 Rh6 15.c5 Qe8 16.Nb5 Qh5
17.h4 gxh4 18.Kh2 Rg6 19.Rg1 Rg3 20.Nxc7 Rb8 21.cxd6 Ng6 22.Qe1 Ndf8 23.Ne6 Bxe6
24.dxe6 Nxe6 25.d7 Rd8 26.Rc8 Bf6 27.Qa5 Kg7 28.Rxd8 Bxd8 29.Qd5 h3 30.Bxg3 fxg3+
31.Kxg3 h2  0-1

[Event "Commonwealth & RSA Open"]
[Site "Port Elizabeth RSA"]
[Date "2013.07.09"]
[Round "5.16"]
[White "Bornheim,C"]
[Black "Brown,An"]
[Result "0-1"]
[WhiteElo "1974"]
[BlackElo "2281"]

1.d4 Nf6 2.c4 g6 3.Nc3 Bg7 4.e4 d6 5.Nf3 O-O 6.Be2 e5 7.O-O Nc6 8.d5 Ne7
9.Ne1 Nd7 10.Be3 f5 11.f3 f4 12.Bf2 g5 13.Nd3 Nf6 14.c5 Ng6 15.cxd6 cxd6
16.Rc1 Rf7 17.a4 Bf8 18.Nb5 g4 19.fxg4 Nxe4 20.Bxa7 Bd7 21.Bf2 Ng5 22.Ne1 e4
23.h4 f3 24.hxg5 fxe2 25.Qxe2 Qxg5 26.Rc4 Nf4 27.Qe3 Bxg4 28.Nc3 Bg7 29.Nxe4 Ne2+
30.Qxe2 Bxe2 31.Nxg5 Bxc4 32.Nxf7 Kxf7 33.b3 Bxf1 34.Kxf1 Ra5 35.Nd3 Rxd5
36.Ke2 Rg5 37.Kf3 Be5 38.g4 Ke6 39.a5 Bc3 40.Nf4+ Kd7 41.Ne2 Bxa5 42.Nd4 Bb6
43.Be3 Re5 44.b4 d5 45.b5 Bxd4  0-1

[Event "3rd SPAChess Open"]
[Site "Amsterdam NED"]
[Date "2013.07.10"]
[Round "5.2"]
[White "Sumets,A"]
[Black "Hachijan,A"]
[Result "1-0"]
[WhiteElo "2583"]
[BlackElo "2214"]

1.d4 Nf6 2.c4 g6 3.Nc3 Bg7 4.e4 d6 5.Nf3 O-O 6.Be2 e5 7.O-O Nc6 8.d5 Ne7
9.b4 Nh5 10.g3 f5 11.Ng5 Nf6 12.Bf3 c6 13.Bg2 h6 14.Ne6 Bxe6 15.dxe6 Nxe4
16.Nxe4 fxe4 17.b5 d5 18.Ba3 Re8 19.bxc6 bxc6 20.Qa4 Bf8 21.Bxe7 Qxe7 22.Qxc6 dxc4
23.Bh3 Qf6 24.Qxc4 Rac8 25.Qxe4 Bc5 26.Rad1 Bd4 27.Kg2 Rc3 28.f4 Re3 29.Qc2 Qg7
30.Kh1 Rb8 31.fxe5  1-0

[Event "120th ch-SCO 2013"]
[Site "Helensburgh SCO"]
[Date "2013.07.10"]
[Round "5.8"]
[White "Oswald,D"]
[Black "Hebden,M"]
[Result "0-1"]
[WhiteElo "2055"]
[BlackElo "2555"]

1.d4 Nf6 2.c4 g6 3.Nc3 Bg7 4.e4 d6 5.Nf3 O-O 6.Be2 e5 7.O-O Nc6 8.d5 Ne7
9.Bd2 Kh8 10.Ne1 Neg8 11.Nd3 Ne8 12.f3 f5 13.Be1 c5 14.Rb1 Ngf6 15.b4 cxb4
16.Rxb4 b6 17.a4 Nc7 18.Rb2 Na6 19.a5 Nc5 20.axb6 axb6 21.Nf2 Nh5 22.Qb1 Ra6
23.Nd3 Nf4 24.Nb4 Ra3 25.g3 Nxe2+ 26.Rxe2 fxe4 27.fxe4 Rxf1+ 28.Kxf1 Bh3+
29.Kg1 Rb3 30.Qa1 Rxb4 31.Ra2 Bf8 32.Ra8 Qf6 33.Bd2 Qf3  0-1

[Event "ch-BEL Open 2013"]
[Site "Antwerp BEL"]
[Date "2013.07.11"]
[Round "6.23"]
[White "De Strycker,Nathan"]
[Black "Van den Eede,G"]
[Result "1-0"]
[WhiteElo "2033"]
[BlackElo "1851"]

1.d4 Nf6 2.c4 g6 3.Nc3 Bg7 4.e4 d6 5.Nf3 O-O 6.Be2 e5 7.O-O Nc6 8.d5 Ne7
9.Ne1 Nd7 10.Be3 f5 11.f3 f4 12.Bf2 g5 13.Rc1 h5 14.Nd3 Nf6 15.c5 g4 16.Nb5 gxf3
17.Bxf3 Ng4 18.cxd6 cxd6 19.Nc7 Nxf2 20.Rxf2 Rb8 21.Bxh5 Nc6 22.Nb5 Ne7 23.Nxa7 Bd7
24.a4 Qb6 25.Nb5 Bxb5 26.axb5 Nxd5 27.exd5 e4 28.Bg4 exd3 29.Be6+ Kh7 30.Qxd3+ Kh6
31.Qh3+ Kg5 32.Qh7 Kf6 33.Rc7  1-0

[Event "Styrian Open A 2013"]
[Site "Bad Gleichenberg AUT"]
[Date "2013.07.11"]
[Round "6.18"]
[White "Reinwald,P"]
[Black "Windhager,Hannes"]
[Result "0-1"]
[WhiteElo "2172"]
[BlackElo "2090"]

1.d4 Nf6 2.c4 g6 3.Nc3 Bg7 4.e4 d6 5.Nf3 O-O 6.Be2 e5 7.O-O Nc6 8.d5 Ne7
9.Ne1 Nd7 10.Nd3 f5 11.Bd2 fxe4 12.Nxe4 Nf5 13.c5 Nf6 14.Bg5 h6 15.Bxf6 Bxf6
16.Bg4 Kh7 17.Rc1 Rf7 18.f4  0-1

[Event "120th ch-SCO 2013"]
[Site "Helensburgh SCO"]
[Date "2013.07.11"]
[Round "6.3"]
[White "Pritchett,C"]
[Black "Jones,G"]
[Result "0-1"]
[WhiteElo "2360"]
[BlackElo "2643"]

1.Nf3 Nf6 2.c4 g6 3.Nc3 Bg7 4.e4 d6 5.d4 O-O 6.Be2 e5 7.O-O Nc6 8.d5 Ne7
9.b4 c6 10.Bb2 a5 11.a3 Nh5 12.g3 f5 13.Ng5 axb4 14.axb4 Rxa1 15.Bxa1 Nxd5
16.cxd5 Qxg5 17.dxc6 bxc6 18.Qxd6 f4 19.h4 Qf6 20.Qxf6 Nxf6 21.Rd1 fxg3 22.fxg3 Bh6
23.Bc4+ Kg7 24.Rd3 Bg4 25.Kg2 g5 26.hxg5 Bxg5 27.Nb1 Be2 28.Bxe5 Bxd3 29.Bxd3 Rd8
30.Bc2 Kf7 31.Kf3 h5 32.Bc3 Ng4 33.Ke2 Bf6 34.Be1 Ra8 35.Nc3 Ra3 36.Nd1 Ra2
37.Kd2 Ne5 38.Kc1 Ra1+ 39.Kd2 Nf3+ 40.Ke2 Nd4+ 41.Kd3 Ra3+ 42.Bc3 Nb5  0-1

[Event "3rd SPAChess Open"]
[Site "Amsterdam NED"]
[Date "2013.07.14"]
[Round "8.14"]
[White "Cheung,J"]
[Black "Von Meijenfeldt,Bart"]
[Result "0-1"]
[WhiteElo "2079"]
[BlackElo "2184"]

1.d4 Nf6 2.c4 g6 3.Nc3 Bg7 4.e4 d6 5.Nf3 O-O 6.Be2 e5 7.O-O Nc6 8.d5 Ne7
9.Ne1 Nd7 10.Be3 f5 11.f3 f4 12.Bf2 g5 13.a4 a5 14.Nd3 b6 15.b4 axb4 16.Nxb4 Nf6
17.Nc6 Qe8 18.Nb5 Qd7 19.Nca7 Bb7 20.a5 g4 21.axb6 g3 22.hxg3 fxg3 23.Bxg3 cxb6
24.Bf2 Ng6 25.Bxb6 Nf4 26.c5 N6h5 27.Nxd6 Qe7 28.Nf5 Rxf5 29.exf5 Qg5 30.Kf2 Qh4+
31.Kg1 Qg3 32.Rf2 Nh3+ 33.Kh1 Nxf2+ 34.Kg1 Nh3+ 35.Kh1 N5f4 36.Bf1 Nf2+ 37.Kg1 N4h3+  0-1

[Event "Universiade Men"]
[Site "Kazan RUS"]
[Date "2013.07.14"]
[Round "8.13"]
[White "Perez Ponsa,F"]
[Black "Baryshpolets,A"]
[Result "1-0"]
[WhiteElo "2488"]
[BlackElo "2544"]

1.d4 Nf6 2.c4 g6 3.Nc3 Bg7 4.e4 d6 5.Nf3 O-O 6.Be2 e5 7.O-O Nc6 8.d5 Ne7
9.Ne1 Nd7 10.Be3 f5 11.f3 f4 12.Bf2 g5 13.g4 fxg3 14.hxg3 Ng6 15.Ng2 a5 16.Ne3 Nc5
17.Kg2 Qf6 18.Nf5 Bxf5 19.exf5 Qxf5 20.Bxc5 dxc5 21.Bd3 e4 22.Nxe4 Qe5 23.Qd2 Qd4
24.Rad1 Rae8 25.Nxg5 Bh6 26.Qc2 Qg7 27.Bxg6 Qxg6 28.Qxg6+ hxg6 29.Ne6 Rf7
30.Nxc5 b6 31.Ne4 Bf8 32.Rfe1 Kg7 33.Ng5 Rxe1 34.Rxe1 Rd7 35.Ne6+ Kg8 36.Nf4  1-0

[Event "7th LCT 2013"]
[Site "Leiden NED"]
[Date "2013.07.14"]
[Round "3.30"]
[White "Asefi,Z"]
[Black "De Bruijne,Arian"]
[Result "1-0"]
[WhiteElo "2078"]
[BlackElo "1941"]

1.d4 Nf6 2.c4 g6 3.Nc3 Bg7 4.e4 d6 5.Nf3 O-O 6.Be2 e5 7.O-O Nc6 8.d5 Ne7
9.Ne1 Nd7 10.Be3 f5 11.f3 Nf6 12.g3 h6 13.Rc1 g5 14.c5 f4 15.Bf2 fxg3 16.hxg3 Ng6
17.Ng2 h5 18.cxd6 cxd6 19.Nb5 Rf7 20.Nxa7 g4 21.Nxc8 Rxc8 22.Ne3 Rxc1 23.Qxc1 Bh6
24.Qc3 Bxe3 25.Bxe3 h4 26.Bg5 Qb6+ 27.Be3 Qd8 28.fxg4 hxg3 29.Qe1 Nxe4 30.g5 Qd7
31.Rxf7 Qh3 32.Bf3 Nh4 33.Qe2 g2 34.Bxg2 Nxg2 35.Rf3 Nf4 36.Bxf4 Qg4+ 37.Kf1 Qxf4
38.Rxf4 Ng3+ 39.Kf2 Nxe2 40.Rb4 Nf4 41.Rxb7 Nh3+ 42.Kg3 Nxg5 43.Kg4 Ne4 44.Kf5 Nc5
45.Rb8+ Kf7 46.b4  1-0

[Event "28th Gniot Mem 2013"]
[Site "Police POL"]
[Date "2013.07.14"]
[Round "5.5"]
[White "Schmidt,Wl"]
[Black "Chojnacki,K"]
[Result "1/2-1/2"]
[WhiteElo "2371"]
[BlackElo "2442"]

1.d4 Nf6 2.c4 g6 3.Nc3 Bg7 4.e4 d6 5.Nf3 O-O 6.Be2 e5 7.O-O Nc6 8.d5 Ne7
9.Ne1 Nd7 10.Nd3 f5 11.Bd2 c5 12.Rb1 Nf6 13.f3 f4 14.b4 b6 15.bxc5 bxc5 16.Qa4 g5
17.Nf2 h5 18.h3 Rf7 19.Nb5 a6 20.Nc3 Bf8 21.Qb3  1/2-1/2

[Event "Universiade Men"]
[Site "Kazan RUS"]
[Date "2013.07.15"]
[Round "9.16"]
[White "Abdyjapar,Asyl"]
[Black "Nigalidze,G"]
[Result "0-1"]
[WhiteElo "2400"]
[BlackElo "2497"]

1.d4 Nf6 2.c4 d6 3.Nf3 g6 4.Nc3 Bg7 5.e4 O-O 6.Be2 e5 7.O-O Nc6 8.d5 Ne7
9.b4 a5 10.Ba3 axb4 11.Bxb4 Nd7 12.a4 h6 13.Nd2 f5 14.Bf3 b6 15.a5 Nc5 16.axb6 Rxa1
17.Qxa1 cxb6 18.Qa7 Bd7 19.Ra1 Bf6 20.Nb5 Nc8 21.Qb8 Bxb5 22.cxb5 Nd3 23.Bc3 Qd7
24.Rb1 Bh4 25.g3 Nxf2 26.Bg2 fxe4 27.Nxe4 Nxe4 28.Bxe4 Qg4 29.Bg2 Bg5 30.Qc7 Qe2
31.h4 Be3+ 32.Kh1 Bc5 33.Kh2 Qc2 34.Rf1 Rxf1 35.Qxc8+ Kg7  0-1

[Event "Corporation Cup 2013"]
[Site "Izhevsk RUS"]
[Date "2013.07.16"]
[Round "5.5"]
[White "Bukavshin,I"]
[Black "Balashov,Y"]
[Result "1-0"]
[WhiteElo "2517"]
[BlackElo "2477"]

1.d4 Nf6 2.c4 g6 3.Nc3 Bg7 4.e4 d6 5.Nf3 O-O 6.Be2 e5 7.O-O Nc6 8.d5 Ne7
9.Qc2 Nh5 10.Rd1 h6 11.g3 f5 12.Nh4 fxe4 13.Nxg6 Nxg6 14.Bxh5 Nh4 15.gxh4 Qxh4
16.Qe2 Rxf2 17.Qxf2 Qxh5 18.Rf1 Bh3 19.Be3 Rf8 20.Qg3 Bxf1 21.Rxf1 Rf3 22.Rxf3 exf3
23.Ne4 Kh7 24.Kf2  1-0

[Event "Czech Open G1 Rapid 2013"]
[Site "Pardubice CZE"]
[Date "2013.07.18"]
[Round "8.7"]
[White "Gavrilov,Al1"]
[Black "Nisipeanu,LD"]
[Result "1/2-1/2"]
[WhiteElo "2452"]
[BlackElo "2670"]

1.d4 Nf6 2.Nf3 g6 3.c4 Bg7 4.Nc3 O-O 5.e4 d6 6.Be2 e5 7.O-O Nc6 8.d5 Ne7
9.a4 a5 10.b3 Nh5 11.g3 f5 12.Ng5 Nf6 13.Bf3 Kh8 14.Ba3 fxe4 15.Ncxe4 Nxe4
16.Nxe4 Nf5 17.c5 Nd4 18.Bg2 Ra6 19.Rc1 Bf5 20.Rc4 Qd7 21.Bb2 Raa8 22.Bxd4 exd4
23.cxd6 cxd6 24.Ng5 Rae8 25.Nf3 d3 26.Nh4 Re2 27.Nxf5 Qxf5 28.Rf4 Qe5 29.Rxf8+ Bxf8
30.Qxd3 Bg7 31.Qb5 h5 32.Qxa5 Qb2 33.Qa8+ Kh7 34.Qxb7 Kh6 35.Qf7 Qxb3 36.Qf4+ Kh7
37.Qxd6 Qxa4 38.Bf3 Rd2 39.Qe6 Qd4 40.Be4 Qf6 41.Qxf6 Bxf6 42.f4 h4 43.Bg2 Rd3
44.gxh4 Bxh4 45.Be4 Rd4 46.Bg2 Be7 47.Rf3 Bc5 48.Kf1 Bd6 49.f5 gxf5 50.Rxf5 Rf4+
51.Rxf4 Bxf4  1/2-1/2

[Event "28th Gniot Mem 2013"]
[Site "Police POL"]
[Date "2013.07.18"]
[Round "9.6"]
[White "Schmidt,Wl"]
[Black "Szyszylo,R"]
[Result "1-0"]
[WhiteElo "2371"]
[BlackElo "2201"]

1.d4 g6 2.c4 Bg7 3.Nf3 d6 4.Nc3 Nf6 5.e4 O-O 6.Be2 e5 7.O-O Nc6 8.d5 Ne7
9.Ne1 Nd7 10.Nd3 f5 11.Bd2 c5 12.Rb1 b6 13.b4 Nf6 14.f3 Rf7 15.bxc5 bxc5
16.Nf2 f4 17.Qa4 a6 18.Rb2 Bf8 19.Rfb1 g5 20.Qd1 h5 21.h3 Rg7 22.Na4 Nd7
23.Nb6 Nxb6 24.Rxb6 Ng6 25.Qb3 Raa7 26.Ba5 Qf6 27.Qa3 Rgf7 28.Rb8 Bd7 29.Bb6  1-0

[Event "Yinzhou Cup CHN-USA"]
[Site "Ningbo CHN"]
[Date "2013.07.20"]
[Round "2.3"]
[White "Guo Qi"]
[Black "Zenyuk,I"]
[Result "1/2-1/2"]
[WhiteElo "2446"]
[BlackElo "2250"]

1.d4 Nf6 2.Nf3 g6 3.c4 Bg7 4.Nc3 O-O 5.e4 d6 6.Be2 e5 7.O-O Nc6 8.d5 Ne7
9.b4 Ne8 10.c5 f5 11.Ba3 Nf6 12.Ng5 fxe4 13.Ngxe4 Nxe4 14.Nxe4 Bf5 15.Bf3 Bxe4
16.Bxe4 Bh6 17.Qd3 Nf5 18.Bb2 Rf7 19.g3 Qf8 20.Qc4 Bg5 21.Bg2 h5 22.h4 Bh6
23.Bh3 Kh7 24.Rae1 a5 25.b5 b6 26.c6 Bd2 27.Re2 Bb4 28.Bxf5 gxf5 29.f4 Bc5+
30.Kh2 e4 31.Bd4 Bxd4 32.Qxd4 Qg7 33.Qxg7+ Rxg7  1/2-1/2

[Event "Yinzhou Cup CHN-USA"]
[Site "Ningbo CHN"]
[Date "2013.07.21"]
[Round "3.2"]
[White "Foisor,S"]
[Black "Tan Zhongyi"]
[Result "1-0"]
[WhiteElo "2281"]
[BlackElo "2478"]

1.d4 g6 2.c4 Bg7 3.e4 d6 4.Nf3 Nf6 5.Nc3 O-O 6.Be2 e5 7.O-O Nc6 8.d5 Ne7
9.b4 Nh5 10.g3 f5 11.Ng5 Nf6 12.Bf3 Kh8 13.Rb1 h6 14.Ne6 Bxe6 15.dxe6 Qc8
16.Nd5 Neg8 17.exf5 gxf5 18.Bb2 c6 19.e7 Rf7 20.Bh5 cxd5 21.Bxf7 d4 22.f4 Nxe7
23.c5 Ned5 24.cxd6 Ne3 25.Qe2 Nfg4 26.fxe5 Bxe5 27.Bg6 Nxf1 28.Rxf1 Ne3 29.Bxf5 Qc4
30.Bd3 Qd5 31.Rf2 Bg7 32.Qf3 Qxf3 33.Rxf3 Rd8 34.Rf7 Nd1 35.Bc1 Rxd6 36.Rxb7 Be5
37.Rxa7 Rc6 38.Bd2 Nb2 39.Ra6 Rc7 40.Rxh6+ Kg8 41.Be4 d3 42.Rc6 Re7 43.Kg2 Bd4
44.Bf3 Be3 45.Bxe3 Rxe3 46.Rd6 Kf8 47.a4 Nc4 48.Rd4 Nd2 49.Rf4+ Kg7 50.Kf2 Re7
51.Rd4 Rf7 52.Rxd3 Nc4 53.Kg2 Nb2 54.Ra3 Rc7 55.b5 Rc2+ 56.Kh3 Nc4 57.Rd3 Ne5
58.Re3 Nc4 59.Re7+ Kf6 60.Rc7 Ke6 61.b6  1-0

[Event "28th Avoine Open"]
[Site "Avoine FRA"]
[Date "2013.07.22"]
[Round "3.16"]
[White "Bouget,A"]
[Black "Lelong,E"]
[Result "1-0"]
[WhiteElo "2257"]
[BlackElo "1965"]

1.d4 g6 2.c4 Bg7 3.e4 d6 4.Nc3 Nf6 5.Be2 O-O 6.Nf3 e5 7.O-O Nc6 8.d5 Ne7
9.Ne1 Nd7 10.Be3 f5 11.f3 f4 12.Bf2 g5 13.Rc1 h6 14.c5 a6 15.b4 Rf6 16.a4 Rg6
17.cxd6 cxd6 18.a5 Nf6 19.Na4 g4 20.Nb6 Rb8 21.Nxc8 Rxc8 22.Rxc8 Nxc8 23.Bh4 Qd7
24.Qd3 Na7 25.Bf2 Nb5 26.Bb6 Ne8 27.Nc2 Bf8 28.Rc1 Rg7 29.Na3 Nec7 30.Nxb5 Nxb5
31.Qc4 gxf3 32.Bxf3 Qh3 33.Kh1 Qh4 34.Qc8 Nd4 35.Bxd4 exd4 36.Qe6+ Kh7 37.e5 Rc7
38.Rxc7+  1-0

[Event "Glorney Cup 2013"]
[Site "Cardiff ENG"]
[Date "2013.07.22"]
[Round "2.3"]
[White "Courtney,John"]
[Black "Broadley,Henry"]
[Result "1/2-1/2"]
[WhiteElo "1999"]
[BlackElo "1953"]

1.d4 Nf6 2.c4 g6 3.Nc3 Bg7 4.e4 d6 5.Nf3 O-O 6.Be2 e5 7.O-O Nc6 8.d5 Ne7
9.Ne1 Nd7 10.Be3 f5 11.f3 f4 12.Bf2 g5 13.a4 Rf6 14.a5 Rh6 15.Nd3 Qe8 16.g4 fxg3
17.Bxg3 Nf6 18.Kh1 Nh5 19.Rg1 Bh3 20.c5 Qd7 21.Qa4 Rf8 22.Qxd7 Bxd7 23.cxd6 cxd6
24.Bf2 a6 25.Rxg5 Kh8 26.Rc1 Rc8 27.Rgg1 Rf6 28.Bh4 Rf7 29.Nb1 Ng6 30.Bg5 h6
31.Rxc8+ Bxc8 32.Bxh6 Bxh6 33.Rxg6 Be3 34.f4 Nxf4 35.Nxf4 exf4 36.Bf3 Kh7
37.Rg2 Rc7 38.Nc3 Rc5 39.h4 Rxa5 40.Kh2 b5 41.e5 dxe5 42.Ne4 Bf5 43.Nf6+ Kh6
44.Ng8+ Kh7 45.Nf6+ Kh6 46.Ng8+  1/2-1/2

[Event "Glorney Cup 2013"]
[Site "Cardiff ENG"]
[Date "2013.07.23"]
[Round "6.2"]
[White "Scott,Gordon W"]
[Black "Kostanjsek,Luke"]
[Result "1-0"]
[WhiteElo "2039"]
[BlackElo "1929"]

1.d4 Nf6 2.c4 g6 3.Nc3 Bg7 4.e4 d6 5.Nf3 O-O 6.Be2 e5 7.O-O Nc6 8.Be3 a6
9.d5 Ne7 10.Nd2 Nd7 11.b4 f5 12.f3 f4 13.Bf2 g5 14.c5 Rf6 15.Nc4 Rh6 16.Na4 Nf6
17.cxd6 b5 18.dxe7 Qxe7 19.Nab6 cxb6 20.Nxb6 Qe8 21.Nxc8 Rxc8 22.h3 Bf8 23.d6 Nd7
24.Qd5+ Qf7 25.Qb7 Rb8 26.Qxa6 Rxd6 27.Qa5 h5 28.Rfd1 Rg6 29.Qc7  1-0

[Event "Open Desko Liberec 2013"]
[Site "Liberec CZE"]
[Date "2013.07.23"]
[Round "5.6"]
[White "Bednar,Ma"]
[Black "Plichta,K"]
[Result "1/2-1/2"]
[WhiteElo "2283"]
[BlackElo "2177"]

1.d4 Nf6 2.c4 g6 3.Nc3 Bg7 4.e4 d6 5.Nf3 O-O 6.Be2 e5 7.O-O Nc6 8.d5 Ne7
9.Ne1 Nd7 10.Be3 f5 11.f3 f4 12.Bf2 g5 13.g4 h5 14.h3 hxg4 15.hxg4 Kf7 16.Nd3 Rh8
17.Kg2 c5 18.b4 b6 19.a4 Nf6 20.Rh1 Rxh1 21.Qxh1 Bd7 22.Nb5 Bxb5 23.cxb5 c4
24.Nb2 c3 25.Nc4 Rb8 26.a5 Nc8 27.Qc1 Nd7 28.Qxc3 Bf6 29.Nb2 Rb7 30.Rc1 Rb8
31.Qc6 Be7 32.Na4 Kf8 33.Qc3 Bf6 34.Qe1 Bg7 35.Rc6 Bf6 36.Qc3 Be7 37.Rc7 Ke8
38.Qc6 Bf8 39.Nb2 Be7 40.Nc4 Bf8 41.Nxe5 Qxc7 42.Qxc7 dxe5 43.Qc6 Nd6 44.Qc7 Rb7
45.Qc1 Kd8 46.Qa1 Bg7 47.Qa3 Bf8 48.Qa2 Rc7 49.Qa1 Rb7 50.Qh1 Nf6 51.Qh8 Ke7
52.Bc5 Kf7 53.Qxf8+ Kxf8 54.Bxd6+ Ke8 55.Bc4 Nd7 56.a6 Rb8 57.Bc7 Rc8 58.d6 Nf8
59.Bd5 Rxc7 60.dxc7 Kd7 61.c8=Q+  1/2-1/2

[Event "65th ch-MNE 2013"]
[Site "Cetinje SRB"]
[Date "2013.07.24"]
[Round "5.8"]
[White "Pecurica,M"]
[Black "Mrsevic,M"]
[Result "0-1"]
[WhiteElo "2176"]
[BlackElo "2298"]

1.d4 d6 2.Nf3 Nf6 3.c4 g6 4.Nc3 Bg7 5.e4 O-O 6.Be2 e5 7.O-O Nc6 8.d5 Ne7
9.b4 Nh5 10.Re1 a5 11.bxa5 Rxa5 12.a4 c5 13.dxc6 bxc6 14.Ba3 c5 15.Nb5 Ra6
16.Ra2 Bh6 17.Qb3 Qb6 18.Rd1 Rd8 19.g3 Bb7 20.Qd3 f5 21.Nd2 Nf6 22.exf5 gxf5
23.Nb3 Qc6 24.f3 e4 25.Qc3 exf3 26.Qxf6 Be3+ 27.Kf1 fxe2+ 28.Kxe2 Qf3+ 29.Ke1 Qe4
30.Nc3 Qh1+ 31.Ke2 Qf3+ 32.Ke1 Re8 33.Qe6+ Kg7 34.Nb5 Qh1+ 35.Ke2 Qxh2+ 36.Kxe3 Nd5+
37.cxd5 Rxe6+ 38.dxe6 Qxg3+ 39.Kd2 Qxb3 40.Bb2+ Kf8 41.Re1 Be4 42.Nc3 d5
43.Ba3 Rc6 44.Rb2 Qxa3 45.Rb7 Rxe6  0-1